The civilizing process

Saved in:
Bibliographic Details
Main Author: Elias, Norbert, 1897-1990
Other Authors: Jephcott, Edmund (Translator)
Format: Book
Language:English
German
Published: Oxford [England] : Cambridge, Mass. : Blackwell, c1994
Subjects:
Tags: Add Tag
No Tags, Be the first to tag this record!

MARC

LEADER 00000cam a2200000 i 4500
001 1/40351
008 941103s1994 eng d
020 |a 0631192220 
035 |l 10041234 
035 |a 1995  |c ΤΣΙΒΑΚΟΥ 
040 |a GR-MY-UA  |b gre  |e aacr 
041 1 |a eng  |h ger 
082 0 |a 909 
100 1 |a Elias, Norbert,   |d 1897-1990. 
245 1 4 |a The civilizing process /  |c Norbert Elias ; translated by Edmund Jephcott 
260 |a Oxford [England] :   |a Cambridge, Mass. :   |b Blackwell,   |c c1994 
300 |a xvii, 558 p.;  |c 24 cm 
500 |a Reprint. Originally published as: θUber den Prozess der Zivilisation as two separate volumes in 1939 by Haus zum Falker, Basel 
504 |a Includes bibliographical references (p. [525]-543) and index 
505 0 |a The history of manners -- State formation and civilization 
650 0 0 |a Civilization  |x History. 
650 0 0 |a Civilization  |x Philosophy. 
700 1 |a Jephcott, Edmund.  |4 trl 
852 |a INST  |b LESVOS  |e 19990630  |h 909 ELI  |p 005100015927  |q 005100015927  |t BK  |y 0 
852 |a INST  |b SAMOS  |e 19941103  |h 909 ELI  |p 005300002618  |q 005300002618  |t BK  |y 0 
852 |a INST  |b SAMOS  |e 19951207  |h 909 ELI  |p 005300004994  |q 005300004994  |t BK  |y 0 
909 |a Σ  |b 035075 
909 |a Σ  |b 042032 
909 |a Λ  |b 066524 
922 |a 1ΔΩΡ  |b 199906  |c ΤΚΑ